000
00223nam a2200097Ia 4500
005
20251222114344.0
008
251222s1900||||xx |||||||||||||| ||spa||
082
_a
DVD0160/W75A/2005
245
0
_a
Con ánimo de amar:
942
_c
DVD
999
_c
964
_d
964